000 00665cam a22002053a 4500
001 46063
003 PGUSA
005 20140828084058.0
008 140621s2014||||xxu|||||s|||||000 | eng d
040 _aPGUSA
_beng
042 _adc
100 1 _aGayley, Charles Mills,
_d1858-1932
245 1 4 _aThe Classic Myths in English Literature and in Art (2nd ed.) (1911) :
_bBased Originally on Bulfinch's
_h[electronic resource] /
_cCharles Mills Gayley
260 _bProject Gutenberg,
_c2014
506 _aPublic domain in the USA.
516 _aElectronic text
830 0 _aProject Gutenberg
_v46063
856 4 0 _uhttp://www.gutenberg.org/ebooks/46063
942 _cEB
999 _c275312
_d275312